00368cam a22001217a 4500008004000000020001500040082001700055100001700072245010300089260002700192300001000219650001700229180718b1996 xxu||||| |||| 00| 0 eng d a8174881786 aC41x54 J599h aJohari, J.C. aHuman rights and new world order: towards perfection of the democratic way of lifecby J.C. Johari aNew DelhibAnmolc1996 a306p. aHuman rights